[Event "282nd YMCA Winter A"]
[Site "Warsaw"]
[Date "2024.03.13"]
[Round "11"]
[White "Pietrzak, Wojciech"]
[Black "Lewandrowski, Tomasz"]
[Result "0-1"]
[WhiteElo "1754"]
[BlackElo "1822"]
[PlyCount "80"]
[EventDate "2024.01.12"]
[EventType "tourn"]
[EventRounds "1"]
[EventCountry "POL"]
[SourceDate "2024.01.19"]

1. e4 c5 2. c3 e6 3. d4 d5 4. e5 Nc6 5. Nf3 Bd7 6. Bd3 cxd4 7. cxd4 Qb6 8. O-O
Nxd4 9. Nxd4 Qxd4 10. Nc3 a6 11. Be3 Qxe5 12. Re1 Nf6 13. f4 Qd6 14. Bd4 Be7
15. Re5 h5 16. Rc1 Rc8 17. a3 Ng4 18. Rxh5 Rxh5 19. Qxg4 Rh4 20. Qg3 Qxf4 21.
Qxf4 Rxf4 22. Bxg7 d4 23. Be5 Rg4 24. Be2 Re4 25. Nxe4 Rxc1+ 26. Kf2 f5 27. Ng3
Bc5 28. Bd3 Bc6 29. Ne2 Rd1 30. Nf4 Rd2+ 31. Kg3 Rxb2 32. h4 Bf8 33. h5 Bh6 34.
Nxe6 Rb3 35. Nc5 Rxa3 36. Kh4 b6 37. Bxf5 bxc5 38. g4 d3 39. g5 Ra4+ 40. Bg4 d2
0-1

[Event "282nd YMCA Winter A"]
[Site "Warsaw"]
[Date "2024.03.19"]
[Round "11"]
[White "Krupa, Bartlomiej"]
[Black "Choroszej, Aleksander"]
[Result "1/2-1/2"]
[WhiteElo "1779"]
[BlackElo "1899"]
[PlyCount "66"]
[EventDate "2024.01.12"]
[EventType "tourn"]
[EventRounds "1"]
[EventCountry "POL"]
[SourceDate "2024.01.19"]

1. e4 g6 2. d4 Bg7 3. Nf3 d6 4. Nc3 a6 5. h3 b5 6. Be3 Nd7 7. Qd2 Bb7 8. Bd3 c5
9. a4 b4 10. Ne2 Qc7 11. c3 bxc3 12. Nxc3 cxd4 13. Nxd4 Ngf6 14. O-O O-O 15.
Rac1 Qb8 16. b4 Rc8 17. f4 e5 18. Nde2 exf4 19. Nxf4 Ne5 20. Ncd5 Bxd5 21.
Rxc8+ Qxc8 22. Nxd5 Nxd5 23. exd5 Qb7 24. Be2 Rc8 25. Rc1 Rxc1+ 26. Qxc1 Qxb4
27. Qc8+ Bf8 28. Qxa6 Qe1+ 29. Kh2 Ng4+ 30. hxg4 Qh4+ 31. Kg1 Qe1+ 32. Kh2 Qh4+
33. Kg1 Qe1+ 1/2-1/2

[Event "282nd YMCA Winter A"]
[Site "Warsaw"]
[Date "2024.03.12"]
[Round "11"]
[White "Kowalski, Witold"]
[Black "Mazurek, Jerzy"]
[Result "1-0"]
[WhiteElo "1667"]
[BlackElo "1712"]
[PlyCount "111"]
[EventDate "2024.01.12"]
[EventType "tourn"]
[EventRounds "1"]
[EventCountry "POL"]
[SourceDate "2024.01.19"]

1. e4 c5 2. Nf3 Nc6 3. d4 cxd4 4. Nxd4 e6 5. Nc3 Qc7 6. a3 Nf6 7. Nb3 a6 8. Bd3
Be7 9. O-O O-O 10. f4 d6 11. Qf3 Bd7 12. Bd2 Rfc8 13. Rae1 b5 14. Nd1 e5 15. f5
a5 16. c3 a4 17. Nc1 Na5 18. g4 d5 19. exd5 e4 20. Bxe4 Nxe4 21. Qxe4 Re8 22.
Qg2 Bh4 23. Rxe8+ Rxe8 24. Bf4 Qb6+ 25. Kh1 Bc8 26. Nd3 Bb7 27. Nb4 Nc4 28. Qf3
h6 29. Kg2 Qc5 30. Kh3 Bd8 31. Nf2 Qe7 32. Nfd3 Qh4+ 33. Kg2 Nb6 34. Nc5 Bxd5
35. Nxd5 Nxd5 36. Qxd5 Qxg4+ 37. Kh1 Bb6 38. Nd7 Qe2 39. Qg2 Bd8 40. Qxe2 Rxe2
41. Rb1 Rf2 42. Bg3 Rxf5 43. Re1 Kh7 44. Nf8+ Kg8 45. Re8 Bg5 46. Nd7+ Kh7 47.
Nf8+ Kg8 48. Ne6+ Kh7 49. Nxg5+ Rxg5 50. Kg2 Rd5 51. Kf3 f5 52. Re7 Kg6 53. Be5
Rd2 54. Rxg7+ Kh5 55. Rg2 Rd5 56. Kf4 1-0